000 00199nam a2200073Ia 4500
008 170817s9999 xx 000 0 und d
100 _aSingh.Bharat
245 0 _aModern Educational Administration
260 _bAnmol Publications Delhi
999 _c38892
_d38892